| 000 | 00621nam a2200229 a 4500 | ||
|---|---|---|---|
| 005 | 20210219152941.0 | ||
| 008 | 991125n 000 0 spa u | ||
| 035 | _aUPN01000068426 | ||
| 100 | 1 | _aIzquierdo Sánchez, Miguel Angel | |
| 222 | _aPEDAGOGIA : | ||
| 222 | _bREVISTA DE LA UNIVERSIDAD PEDAGOGICA NACIONAL | ||
| 245 | _aLa computación para niños y jóvenes en la URSS | ||
| 260 | _aMéxico | ||
| 300 | _a81-86 | ||
| 362 | 0 | _a1985 Vol. 2, no. 3, ene.-abr. | |
| 653 | 0 | _aCOMPUTACION | |
| 653 | 0 | _aCOMPUTADORA | |
| 653 | 0 | _aENSEÑANZA | |
| 653 | 0 | _aURSS | |
| 904 |
_aAC _b006237 |
||
| 905 | _aArticulo | ||
| 999 |
_c64553 _d64553 |
||